00452nam a22001457a 4500041000800000082001500008100004600023245001200069260004100081300000800122650004000130942000700170952011200177999001700289 aENG a297.1bAYA aAyatulla al-uzma sayyid Ali khan Khamenei aLiberty aNew DelhibWelayat Publicationc2019 a137 aIslamic theology, law, or religion: cBK 00104070aHMIbHMIcGENd2025-12-22eDirectorg100.00l0o297.1 AYAp11004917r2025-12-22w2025-12-22yBK c23685d23685